[Event "58th ch-RUS w 1st liga"]
[Site "Smolensk RUS"]
[Date "2008.03.02"]
[Round "5"]
[White "Sysoykina,L"]
[Black "Gorozhankina,J"]
[Result "0-1"]
[WhiteElo "1737"]
[BlackElo "2037"]

1.Nf3 d5 2.g3 Nc6 3.Bg2 e5 4.d3 f6 5.Nbd2 Be6 6.O-O Qd7 7.c3 Nh6 8.b4 g5
9.a4 Bg7 10.Nb3 b6 11.b5 Ne7 12.Qc2 Rc8 13.Rb1 c6 14.Nbd2 Nhf5 15.e4 Nd6
16.Ba3 dxe4 17.dxe4 c5 18.Rfd1 Qc7 19.Nf1 O-O 20.Ne3 Rfd8 21.Rd2 Bh6 22.g4 Ng6
23.Rbd1 Bf8 24.c4 Qf7 25.Bf1 Nf4 26.Bb2 Qg6 27.Nf5 Bxf5 28.exf5 Qh6 29.Ne1 Qh4
30.f3 h5 31.Ng2 Nxg2 32.Rxg2 Be7 33.Rg3 hxg4 34.Rxg4 Qh7 35.Bd3 Qh3 36.Rg3 Qh5
37.Kg2 Kg7 38.Rh3 Qf7 39.Rg1 Rh8 40.Rg3 Rh4 41.Rg4 Rch8 42.Rh1 Qh5 43.Rxh4 Qxh4
44.h3 Bd8 45.Qe2 Re8 46.Be4 Bc7 47.Rd1 Rh8 48.Rh1 Rd8 49.Bc3 Qh7 50.Rd1 Rh8
51.Rh1 Nxf5 52.Bxf5 Qxf5 53.Qe4 Kg6 54.Kf2 Rh4 55.Qxf5+ Kxf5 56.Ke3 Rxc4  0-1

[Event "58th ch-RUS w 1st liga"]
[Site "Smolensk RUS"]
[Date "2008.03.03"]
[Round "6"]
[White "Bezgodova,S"]
[Black "Grigorian,Mar"]
[Result "1-0"]
[WhiteElo "2237"]
[BlackElo "2082"]

1.Nf3 d5 2.g3 Nf6 3.Bg2 c6 4.O-O Bf5 5.d3 e6 6.Nbd2 h6 7.b3 Be7 8.Bb2 O-O
9.c4 Nbd7 10.Rc1 Bh7 11.Rc2 a5 12.a3 b5 13.cxb5 cxb5 14.Qa1 b4 15.a4 Rc8
16.Rfc1 Rxc2 17.Rxc2 Qb6 18.Bd4 Bc5 19.Bxc5 Nxc5 20.Qd4 Nfd7 21.Ne5 Nxa4
22.Qxb6 Naxb6 23.Nc6 Ra8 24.Ra2 Nc5 25.Rxa5 Rxa5 26.Nxa5 Kf8 27.Nc6 Na6 28.e4 Ke8
29.Bf1 Kd7 30.Ne5+ Ke7 31.f3 f6 32.Nc6+ Kd6 33.Nd4 e5 34.Nc2 d4 35.f4 Bg8
36.Kf2 Nd7 37.Ke2 Ndc5 38.Na1 Be6 39.Kd1 Nb7 40.Kc1 Na5 41.Be2 g6 42.Kb2 Nc5
43.Bf1 Kc6 44.Nf3 Bg4 45.Nh4 g5 46.fxg5 hxg5 47.Nf5 Bd1 48.h4 Naxb3 49.Nxb3 Bxb3
50.h5 Bf7 51.Ne7+ Kb5 52.h6 Na4+ 53.Ka1 b3 54.h7 b2+ 55.Kb1 Kb4 56.h8=Q Ka3
57.Qb8 Ba2+ 58.Kc2 b1=Q+ 59.Qxb1 Bxb1+ 60.Kxb1  1-0

[Event "58th ch-RUS w 1st liga"]
[Site "Smolensk RUS"]
[Date "2008.03.03"]
[Round "6"]
[White "Gulinina,N"]
[Black "Mokhna,N"]
[Result "0-1"]
[WhiteElo "1892"]
[BlackElo "2183"]

1.Nf3 d5 2.g3 c6 3.Bg2 Bg4 4.h3 Bxf3 5.Bxf3 e5 6.d3 Nf6 7.Nd2 Nbd7 8.e4 dxe4
9.dxe4 Qc7 10.O-O O-O-O 11.Qe2 Nc5 12.Nb3 Ne6 13.c3 h5 14.Be3 Kb8 15.Rfd1 Bd6
16.Nd2 h4 17.g4 Bc5 18.Nc4 Bxe3 19.Qxe3 Nf4 20.Kh2 Nh7 21.a4 Ng5 22.Bg2 f6
23.b4 Rd7 24.Nb2 Rhd8 25.Bf1 g6 26.Rxd7 Rxd7 27.a5 Qd8 28.Rb1 Rd2 29.Nc4 Rd1
30.Rxd1 Qxd1 31.Nd2 Qxd2  0-1

[Event "24th Open"]
[Site "Bad Woerishofen GER"]
[Date "2008.03.05"]
[Round "7"]
[White "Burmakin,V"]
[Black "Karpatchev,A"]
[Result "1-0"]
[WhiteElo "2611"]
[BlackElo "2484"]

1.Nf3 d5 2.g3 g6 3.Bg2 Bg7 4.d4 Nf6 5.O-O O-O 6.c4 dxc4 7.Na3 Nc6 8.Nxc4 Be6
9.b3 a5 10.a4 Qc8 11.Ba3 Rd8 12.e3 Bh3 13.Rc1 Bxg2 14.Kxg2 Qe6 15.Qc2 h6
16.Rfd1 Rd5 17.Nce5 Nxe5 18.dxe5 Rxd1 19.Qxd1 Ne8 20.Rc4 b6 21.Nd4 Qd5+ 22.Qf3 Qxf3+
23.Nxf3 c5 24.Kf1 Rd8 25.Ke2 Nc7 26.Bb2 Nd5 27.Rc2 Kf8 28.Rd2 Ke8 29.Ne1 e6
30.Nc2 Ne7 31.Na3 Rxd2+ 32.Kxd2 Kd7 33.Nc4 Nc8 34.Kd3 Kc6 35.Bc3 Bf8 36.g4 Be7
37.f4 Bd8 38.Na3 Na7 39.Kc4 Bh4 40.Bd2 Bf2 41.Kd3 Bh4 42.Nc4 Nc8 43.Bc3 Kd5
44.e4+ Kc6 45.Ke2 Bd8 46.Bd2 Be7 47.f5 exf5 48.exf5 gxf5 49.gxf5 Bf8 50.f6 Kc7
51.Kd3 Na7 52.Bf4 Kb7 53.e6 fxe6 54.Ne5 Nc6 55.Ng6 e5 56.Bxe5  1-0

[Event "Cvijet Mediterana"]
[Site "Rijeka CRO"]
[Date "2008.03.05"]
[Round "7"]
[White "Franciskovic,B"]
[Black "Sargac,R"]
[Result "1/2-1/2"]
[WhiteElo "2238"]
[BlackElo "2197"]

1.Nf3 d5 2.g3 g6 3.Bg2 Bg7 4.c4 c6 5.cxd5 cxd5 6.d4 Nf6 7.Nc3 O-O 8.O-O Nc6
9.Ne5 Bf5 10.Nxc6 bxc6 11.Bf4 Rc8 12.Be5 Ne4 13.Bxg7 Nxc3 14.bxc3 Kxg7 15.Qa4 Qb6
16.Rfe1 Rc7 17.e4 Bc8 18.Bf1 a5 19.Rab1 Qa7 20.Qa3 dxe4 21.Bg2 f5 22.Qc1 Be6
23.Qf4 Rd7 24.a3 Qc7 25.Qxc7 Rxc7 26.Rb6 Bc4 27.f3 c5 28.dxc5  1/2-1/2

[Event "58th ch-RUS w 1st liga"]
[Site "Smolensk RUS"]
[Date "2008.03.05"]
[Round "8"]
[White "Gulinina,N"]
[Black "Kuular,V"]
[Result "0-1"]
[WhiteElo "1892"]
[BlackElo "2122"]

1.Nf3 d5 2.g3 Bg4 3.Bg2 Bxf3 4.Bxf3 e5 5.d3 c6 6.Nd2 Nf6 7.e4 Nbd7 8.a3 a5
9.Qe2 Qc7 10.O-O Bc5 11.Bg2 O-O 12.h4 dxe4 13.dxe4 Rfe8 14.g4 Nf8 15.g5 N6d7
16.Nf3 Ne6 17.h5 Ndf8 18.Nh4 Nd4 19.Qc4 Nfe6 20.Nf5 b5 21.Qd3 Rad8 22.Nxd4 Nxd4
23.Kh1 Ne6 24.Qf3 Nf4 25.Bh3 Qe7 26.Rg1 Bxf2 27.Rg4 Nxh3 28.Qxh3 Rd1+ 29.Kh2 Red8
30.g6 Qc5 31.gxh7+ Kxh7 32.Qf3 Bg1+ 33.Kh3 Qf2 34.Qxf2 Bxf2 35.Bg5 f6  0-1

[Event "24th Open"]
[Site "Bad Woerishofen GER"]
[Date "2008.03.06"]
[Round "8"]
[White "Weidlich,G"]
[Black "Knitl,A"]
[Result "1-0"]
[WhiteElo "2145"]
[BlackElo "2215"]

1.Nf3 d5 2.g3 c6 3.b3 Bg4 4.Bb2 Bxf3 5.exf3 Nf6 6.Bg2 Nbd7 7.f4 e6 8.O-O Be7
9.d3 O-O 10.Nd2 Qa5 11.Nf3 Ba3 12.Bxa3 Qxa3 13.Qc1 Qd6 14.Re1 d4 15.Qb2 c5
16.c4 dxc3 17.Qxc3 Nd5 18.Qd2 Rac8 19.d4 c4 20.bxc4 Rxc4 21.Ne5 Rc7 22.Rac1 Rfc8
23.Rxc7 Rxc7 24.f5 Nf8 25.fxe6 fxe6 26.Rb1 b6 27.Rb3 Ne7 28.h4 Nfg6 29.Nf3 Nf5
30.Rd3 Nge7 31.Qe2 Nc6 32.d5 Nb4 33.Rd2 exd5 34.a3 Nc6 35.Rxd5 Qf8 36.Qe6+ Rf7
37.Rxf5  1-0

[Event "XXIII Open"]
[Site "Reykjavik ISL"]
[Date "2008.03.06"]
[Round "4"]
[White "Hagesaether,E"]
[Black "Almer,J"]
[Result "1-0"]
[WhiteElo "2234"]
[BlackElo "1914"]

1.Nf3 d5 2.g3 e6 3.Bg2 f5 4.d3 Nf6 5.O-O Bd6 6.c4 O-O 7.cxd5 exd5 8.Nc3 c6
9.e4 fxe4 10.dxe4 dxe4 11.Ng5 Kh8 12.Ncxe4 Be7 13.Qb3 Nxe4 14.Nxe4 Na6 15.Be3 Qc7
16.h4 Bf5 17.Rac1 Rae8 18.Ng5 Bxg5 19.hxg5 Qf7 20.Qxf7 Rxf7 21.a3 Nc7 22.Bxa7 Re2
23.b4 Nb5 24.Bc5 Nxa3 25.Ra1  1-0

[Event "XXIII Open"]
[Site "Reykjavik ISL"]
[Date "2008.03.06"]
[Round "4"]
[White "Dizdar,G"]
[Black "Vavrak,P"]
[Result "0-1"]
[WhiteElo "2564"]
[BlackElo "2472"]

1.Nf3 d5 2.g3 Bg4 3.Bg2 Nd7 4.c4 e6 5.cxd5 exd5 6.h3 Bh5 7.O-O Ngf6 8.Nc3 c6
9.d3 Be7 10.e4 dxe4 11.dxe4 Nc5 12.g4 Bg6 13.Ne5 Qxd1 14.Rxd1 Nfd7 15.Nc4 O-O-O
16.Be3 Nb6 17.Nxb6+ axb6 18.b4 Bf6 19.Rac1 Nd3 20.Bxb6 Nxc1 21.Bxd8 Bxc3  0-1

[Event "58th ch-RUS w 1st liga"]
[Site "Smolensk RUS"]
[Date "2008.03.06"]
[Round "9"]
[White "Smolyaninova,M"]
[Black "Mokhna,N"]
[Result "1-0"]
[WhiteElo "2004"]
[BlackElo "2183"]

1.Nf3 d5 2.g3 c6 3.Bg2 Nf6 4.O-O Bg4 5.d4 e6 6.c4 Bd6 7.b3 Ne4 8.Bb2 O-O
9.Ne5 Bh5 10.Nd2 Nxd2 11.Qxd2 f6 12.Nd3 Nd7 13.e4 Bf7 14.Rac1 Re8 15.f4 dxc4
16.bxc4 e5 17.fxe5 fxe5 18.c5 Bc7 19.d5 Ba5 20.Qe2 cxd5 21.exd5 e4 22.Bxe4 Bg6
23.Rc4 Qg5 24.Qg2 Qe3+ 25.Qf2 Qxf2+ 26.Nxf2 Ne5 27.Bxe5 Rxe5 28.Bxg6 hxg6
29.Rd1 a6 30.Re4 Rae8 31.Rxe5 Rxe5 32.d6 Kf7 33.Nd3 Rd5 34.Rf1+ Ke8 35.Rf3 b6
36.Re3+ Kd8 37.Ne5 Rxc5 38.Nf7+ Kd7 39.Re7+ Kc6 40.d7 b5 41.d8=Q Bxd8 42.Nxd8+  1-0

[Event "58th ch-RUS w 1st liga"]
[Site "Smolensk RUS"]
[Date "2008.03.06"]
[Round "9"]
[White "Zainullina,N"]
[Black "Dolgova,O"]
[Result "0-1"]
[WhiteElo "2176"]
[BlackElo "2217"]

1.Nf3 d5 2.g3 g6 3.Bg2 Bg7 4.d4 c6 5.O-O Nh6 6.Nbd2 Nf5 7.c3 Nd6 8.Re1 Bf5
9.Nh4 Bg4 10.Qb3 Be6 11.Qc2 f5 12.Ndf3 O-O 13.Bf4 Nd7 14.Qc1 Ne4 15.Ng5 Bf7
16.Nhf3 Qb6 17.Be3 Qd8 18.Bf4 Rc8 19.Nh3 c5 20.dxc5 Rxc5 21.Bh6 e5 22.Bxg7 Kxg7
23.Nhg5 Bg8 24.Nxe4 fxe4 25.Nd2 Nf6 26.Nb3 Rc4 27.Bh3 Qb6 28.Rf1 a5 29.Qg5 Re8
30.Rab1 a4 31.Nd2 Rc7 32.Qe3 d4 33.cxd4 exd4 34.Qf4 Rce7 35.Nc4 Bxc4  0-1

[Event "24th Open"]
[Site "Bad Woerishofen GER"]
[Date "2008.03.07"]
[Round "9"]
[White "Espig,L"]
[Black "Bohnstorff,M"]
[Result "1/2-1/2"]
[WhiteElo "2326"]
[BlackElo "2165"]

1.Nf3 d5 2.g3 c6 3.Bg2 Bf5 4.b3 Nf6 5.Bb2 Nbd7 6.d3 h6 7.Nbd2 Qc7 8.O-O Bg6
9.Qe1 e6 10.e4 dxe4 11.dxe4 Bc5 12.e5 Nd5 13.Ne4 Bxe4 14.Qxe4 O-O 15.a3 a5  1/2-1/2

[Event "10th WCh-University w"]
[Site "Novokuznetsk RUS"]
[Date "2008.03.07"]
[Round "5"]
[White "Kharashuta,E"]
[Black "Imanbaeva,A"]
[Result "1-0"]
[WhiteElo "2222"]
[BlackElo "2205"]

1.Nf3 d5 2.g3 Bg4 3.Bg2 Nd7 4.c4 dxc4 5.Na3 c6 6.Nxc4 Bxf3 7.Bxf3 Ngf6 8.O-O g6
9.d4 Bg7 10.Qb3 Nb6 11.Ne5 O-O 12.Rd1 Nfd7 13.Ng4 e6 14.Nh6+ Kh8 15.h4 Qe7
16.a4 a5 17.h5 g5 18.Ng4 f5 19.h6 Bf6 20.Ne5 Rab8 21.Bd2 Nd5 22.Nxd7 Qxd7
23.Bxa5 g4 24.Bxd5 exd5 25.Bd2 Rbe8 26.Qd3 Qe6 27.Re1 Rg8 28.Ra3 Bg5 29.Rb3 Qxh6
30.Bxg5 Rxg5 31.Qd2 Qg6 32.Rxb7 Rh5 33.Qf4 Rh3 34.e3 h5 35.Rb8 Rxb8 36.Qxb8+ Kh7
37.Qb7+ Kh8 38.Rc1  1-0

[Event "XXIII Open"]
[Site "Reykjavik ISL"]
[Date "2008.03.07"]
[Round "5"]
[White "Bojkov,D"]
[Black "Robson,R"]
[Result "0-1"]
[WhiteElo "2523"]
[BlackElo "2389"]

1.Nf3 d5 2.g3 Nf6 3.Bg2 c6 4.O-O Bg4 5.c4 Nbd7 6.cxd5 cxd5 7.Qb3 e5 8.d4 e4
9.Ne5 Bxe2 10.Re1 Nxe5 11.dxe5 Bc4 12.Qxb7 Nd7 13.Nc3 Rb8 14.Qxa7 Bc5 15.Qa4 O-O
16.Be3 Rxb2 17.Rad1 Bb5  0-1

[Event "KNSB TCh-NED 2007-8"]
[Site "Netherlands NED"]
[Date "2008.03.08"]
[Round "7"]
[White "Carlier,B"]
[Black "Span,P"]
[Result "1/2-1/2"]
[WhiteElo "2401"]
[BlackElo "2280"]

1.Nf3 d5 2.g3 Nf6 3.Bg2 c6 4.O-O Bg4 5.c4 e6 6.Qb3 Qb6 7.d4 Nbd7 8.Nc3 Qxb3
9.axb3 Bb4 10.c5 Bxf3 11.Bxf3 e5 12.Na2 Ba5 13.dxe5 Nxe5 14.Bg2 O-O 15.Be3 Rfe8
16.Bd4 Bc7 17.Nc3 Ned7 18.b4 a6 19.h3 Be5 20.e3 Bxd4 21.exd4 Nf8 22.Rfd1 Ne6
23.h4 Nc7 24.Re1 Kf8 25.f3 Ne6 26.Red1 Nc7 27.Kf2 Re7 28.Bh3 Rae8 29.Re1 Ne6
30.Rad1 h6 31.Na2 g5 32.hxg5 Nxg5 33.Bg2 Rxe1 34.Rxe1 Rxe1 35.Kxe1 Ne6 36.Bh3 Ke7
37.Kf2 Kd8 38.Ke3 Ng5 39.Bf5 Nh5 40.g4 Ng7 41.Bd3 N5e6 42.Nc1  1/2-1/2

[Event "65th ch-GEO w"]
[Site "Tbilisi GEO"]
[Date "2008.03.12"]
[Round "13"]
[White "Dzagnidze,N"]
[Black "Guramishvili,S"]
[Result "1-0"]
[WhiteElo "2429"]
[BlackElo "2300"]

1.Nf3 d5 2.g3 c6 3.Bg2 Bg4 4.c4 Nf6 5.Ne5 Be6 6.d4 dxc4 7.Nc3 Nbd7 8.f4 Nxe5
9.fxe5 Nd7 10.e4 Qc7 11.O-O O-O-O 12.Qe2 h5 13.Bf4 Nb6 14.Qf2 Qd7 15.d5 cxd5
16.exd5 Bxd5 17.Nxd5 Nxd5 18.e6 Qxe6 19.Rfd1 Qc6 20.Qxa7 e6 21.Qb8+ Kd7 22.Qe5 Qb6+
23.Kh1 f6 24.Qe2 Qc5 25.b4 Qe7 26.Qxc4 Ke8 27.Bxd5 Rxd5 28.Rxd5 exd5 29.Qxd5 g5
30.Rc1 Qd7 31.Re1+ Kd8 32.Qa5+  1-0

[Event "ch-Siberia"]
[Site "Novokuznetsk RUS"]
[Date "2008.03.13"]
[Round "1"]
[White "Siuniakov,I"]
[Black "Medvedev,E"]
[Result "0-1"]
[WhiteElo "2286"]
[BlackElo "2013"]

1.Nf3 d5 2.g3 c6 3.Bg2 Bg4 4.c4 e6 5.Qb3 Qb6 6.Nc3 Nf6 7.Ne5 Bf5 8.d4 Be7
9.O-O O-O 10.c5 Qxb3 11.axb3 Nbd7 12.Nxd7 Nxd7 13.b4 a6 14.Re1 Bf6 15.Rd1 Rfe8
16.h3 e5 17.e4 exd4 18.Nxd5 Bxe4 19.Nc7 Bc2 20.Rd2 Re1+ 21.Kh2 Rc8 22.Rxc2 Rxc7
23.Bf4 Rxa1 24.Bxc7 Re1 25.f4 g6 26.Bf3 Re3 27.Kg2 d3 28.Rd2 Bd4 29.g4 Nf6
30.f5 Nd5 31.Bxd5 cxd5 32.Bf4 Re2+ 33.Kf3 Rxd2 34.Bxd2 gxf5 35.gxf5 Kg7 36.b3 Kf6
37.Kf4 h5 38.Be1 Bf2 39.Bd2 Bg1 40.Bc3+ d4 41.Bd2 Be3+ 42.Bxe3 dxe3 43.Kxe3 Kxf5
44.Kxd3 Ke5 45.Kc4 f5 46.b5 axb5+ 47.Kxb5 f4 48.Kc4 Ke4 49.Kc3 Ke3  0-1

[Event "ch-Siberia"]
[Site "Novokuznetsk RUS"]
[Date "2008.03.13"]
[Round "1"]
[White "Gneduch,A"]
[Black "Pokazanjev,N"]
[Result "0-1"]
[WhiteElo "2174"]
[BlackElo "2405"]

1.Nf3 d5 2.g3 Nf6 3.Bg2 c6 4.O-O Bg4 5.d3 Nbd7 6.Nbd2 e6 7.Qe1 Be7 8.e4 O-O
9.h3 Bh5 10.e5 Ne8 11.Nh2 Bg6 12.Ndf3 Nc7 13.Bf4 c5 14.Rd1 a5 15.c3 b5 16.g4 c4
17.d4 b4 18.g5 a4 19.Ng4 a3 20.b3 cxb3 21.axb3 bxc3 22.Qxc3 Nb5 23.Qe3 Qa5  0-1

[Event "ch-Siberia"]
[Site "Novokuznetsk RUS"]
[Date "2008.03.13"]
[Round "1"]
[White "Agafonov,A"]
[Black "Kolesnikov,E"]
[Result "0-1"]
[WhiteElo "2160"]
[BlackElo "2370"]

1.Nf3 d5 2.g3 Bg4 3.Ne5 Bf5 4.d4 Nf6 5.Bg2 e6 6.O-O Nbd7 7.c4 c6 8.Qb3 Qb6
9.Bf4 Be7 10.Nc3 O-O 11.Nxd7 Nxd7 12.e4 dxe4 13.Nxe4 Bxe4 14.Bxe4 Bf6 15.Rad1 Rfd8
16.Be3 Qxb3 17.axb3 Nb6 18.Rd2 Rd7 19.Ra1 Bd8 20.f4 g6 21.Bg2 Bc7 22.Kf2 a6
23.Rc2 a5 24.Rcc1 Rad8 25.h4 Nc8 26.b4 axb4 27.Ra4 Nd6 28.Rxb4 Nf5 29.c5 Ra8
30.Rc3 Bd8 31.Be4 Ra1 32.Bxf5 Ba5 33.Bxe6 fxe6 34.Rbb3 Bxc3 35.bxc3 Kf7 36.Kf3 Kf6
37.Ke4 h5 38.Bf2 Ra2 39.Be3 Rc2 40.Ra3 Rd8 41.f5 Rd5 42.Bg5+ Kf7 43.f6 Re2+
44.Kf3 Rb2 45.Ra8 Rb3 46.Rh8 Rxc3+ 47.Kg2 Rf5 48.Rh7+ Kg8 49.Rg7+ Kf8 50.Rxb7 Rc2+  0-1

[Event "Spring Cup"]
[Site "Cheliabinsk RUS"]
[Date "2008.03.14"]
[Round "8"]
[White "Yatsenko,A"]
[Black "Matsenko,S"]
[Result "1/2-1/2"]
[WhiteElo "2442"]
[BlackElo "2418"]

1.Nf3 d5 2.g3 Nf6 3.Bg2 c6 4.d3 Bf5 5.O-O e6 6.Nbd2 h6 7.b3 Be7 8.Bb2 O-O
9.Qe1 Bh7 10.e4 a5 11.a4 Na6 12.Qe2 Nb4 13.Rac1 c5 14.Ne5 Nd7 15.Nxd7 Qxd7
16.Qg4 d4 17.Nc4 Qc7 18.f4 f5 19.Qe2 Rae8 20.Ba3 Na2 21.Rce1 Nc3 22.Qd2 fxe4
23.dxe4 b6 24.Bb2 Na2 25.Bh3 Bd8 26.c3  1/2-1/2

[Event "TCh-AUT 1st Bundesliga 2007-8"]
[Site "Graz AUT"]
[Date "2008.03.14"]
[Round "9"]
[White "Kunin,V"]
[Black "Volkmann,F"]
[Result "1-0"]
[WhiteElo "2538"]
[BlackElo "2434"]

1.Nf3 d5 2.g3 Bg4 3.Bg2 Nd7 4.d4 e6 5.O-O Ngf6 6.Nbd2 Be7 7.Re1 O-O 8.e4 Bh5
9.c3 dxe4 10.Nxe4 Nxe4 11.Rxe4 c5 12.Re1 cxd4 13.Qxd4 Bc5 14.Qh4 Bg6 15.Qxd8 Raxd8
16.Nh4 b6 17.Nxg6 hxg6 18.Bf3 e5 19.Kg2 Rfe8 20.h4 Nf6 21.Bg5 e4 22.Bd1 a5
23.Ba4 Re5 24.Re2 Rd3 25.Bc2 Rf3 26.Bf4 Rh5 27.Bxe4 Rxf4 28.gxf4 Rxh4 29.Bc2 Rg4+
30.Kf3 Rh4 31.Kg3 Rg4+ 32.Kf3 Rh4 33.Rd1 Nh5 34.Re4 f5 35.Rc4 Bxf2 36.Rd8+ Kh7
37.Kxf2 Rh2+ 38.Kf3 Rxc2 39.Rcc8 g5 40.fxg5 Rxb2 41.Rd6 Rxa2 42.Rxb6 a4 43.Rc7 Rh2
44.Rh6+ Kg8 45.Rc8+ Kf7 46.Ra6 Rh3+ 47.Kf2 Rh2+ 48.Ke3 Rh3+ 49.Kd4 Rh4+ 50.Kc5 Re4
51.g6+ Ke7 52.Rc7+ Kd8 53.Rf7  1-0

[Event "ch-Siberia"]
[Site "Novokuznetsk RUS"]
[Date "2008.03.15"]
[Round "3"]
[White "Zablotsky,S"]
[Black "Nigametzianov,M"]
[Result "1-0"]
[WhiteElo "2515"]
[BlackElo "2373"]

1.Nf3 d5 2.g3 Nf6 3.Bg2 c6 4.O-O Bg4 5.c4 e6 6.d3 Nbd7 7.Nc3 Be7 8.cxd5 exd5
9.h3 Bxf3 10.Bxf3 O-O 11.e4 Ne5 12.Bg2 dxe4 13.dxe4 Nd3 14.Be3 Bc5 15.Qe2 Bxe3
16.Qxe3 Ne5 17.Rad1 Qe7 18.f4 Nc4 19.Qf2 Qb4 20.e5 Nxb2 21.Rb1 Qxc3 22.Rxb2 Nd5
23.Rxb7 Nb4 24.Rd1 a5 25.Kh2 Rae8 26.Rdd7 Qa3 27.Ra7 Qa4 28.Qc5 Nxa2 29.Bxc6 Qb3
30.Qxa5 Nb4 31.Bg2 Rb8 32.Rab7 Qc4 33.Rxb8  1-0

[Event "TCh-HUN 2007-8"]
[Site "Budapest HUN"]
[Date "2008.03.16"]
[Round "8"]
[White "Balog,M"]
[Black "Hajnal,Z"]
[Result "0-1"]
[WhiteElo "2288"]
[BlackElo "2381"]

1.Nf3 d5 2.g3 c6 3.Bg2 Nf6 4.O-O h6 5.d3 Bf5 6.c4 e6 7.cxd5 exd5 8.Qb3 Qb6
9.Qc2 Nbd7 10.Nc3 Bh7 11.e4 dxe4 12.dxe4 Bb4 13.Be3 Qa5 14.Bd2 O-O 15.a3 Bxc3
16.Bxc3 Bxe4 17.Bxa5 Bxc2 18.Nd4 Be4 19.Rad1 Bxg2 20.Kxg2 Nd5 21.Nf5 Nc5
22.Rde1 Ne6 23.Rd1 b6 24.Bd2 Rfd8 25.Bc1 h5 26.Rfe1 g6 27.Nd4 Nxd4 28.Rxd4 f6
29.Red1 Kf7 30.b4 b5 31.Bb2 Re8 32.Kf3 Re6 33.Rc1 Rae8 34.Rc2 a6 35.h4 R8e7
36.Bc1 Nb6 37.Rd8 Re8 38.Rd4 Ra8 39.Bd2 Nc4 40.a4 Nb6 41.a5 Nc4 42.Bf4 Rc8
43.Be3 Re7 44.Rd1 Rcc7 45.Bc5 Red7 46.Re1 Rd5 47.Kg2 Rcd7 48.Rce2 Re5 49.Rxe5 fxe5
50.Rc1 Rd3 51.Rc2 Ke6 52.f3 Rd2+  0-1

[Event "31st San Sebastian Open"]
[Site "Donostia ESP"]
[Date "2008.03.16"]
[Round "1"]
[White "Cantabrana Garona,A"]
[Black "Bellia,F"]
[Result "0-1"]
[WhiteElo "1815"]
[BlackElo "2405"]

1.Nf3 d5 2.g3 Nf6 3.Bg2 g6 4.b3 Bg7 5.Bb2 c5 6.c4 d4 7.d3 Nc6 8.O-O O-O 9.e4 dxe3
10.fxe3 Nb4 11.Ne1 Bh6 12.Bc1 Ng4 13.Qe2 Bg7 14.Bb2 Bxb2 15.Qxb2 Nxd3  0-1

[Event "V Int"]
[Site "Los Llanos de Aridane ESP"]
[Date "2008.03.16"]
[Round "2"]
[White "Adly,A"]
[Black "Guramishvili,S"]
[Result "1-0"]
[WhiteElo "2551"]
[BlackElo "2300"]

1.Nf3 d5 2.g3 Nf6 3.Bg2 Bg4 4.c4 c6 5.O-O Nbd7 6.cxd5 cxd5 7.Nc3 e6 8.d3 Bd6
9.h3 Bxf3 10.Bxf3 a6 11.e4 d4 12.Ne2 e5 13.g4 Nc5 14.g5 Nfd7 15.Bg4 Qb6 16.f4 Qb5
17.Rf3 exf4 18.Bxf4 Bxf4 19.Nxf4 Ne5 20.Rg3 Qxb2 21.Nd5 O-O 22.Rc1 Qa3 23.Bf5 g6
24.Rc2 Kh8 25.Qa1 Nc6 26.Qf1 Ne6 27.Bg4 Ng7 28.h4 Nb4 29.Nxb4 Qxb4 30.Rf3 Qe7
31.Qc1 Ne6 32.Rf6 Qd6 33.Kg2 Rae8 34.Qb2 Qe5 35.Rcf2 Nd8 36.Qb6 Kg8 37.a4 Re7
38.Rd6 Nc6 39.Rd5 Qc7 40.Qc5 Rfe8 41.Bd1 Qc8 42.Qd6 Qe6 43.Qf4 Rf8 44.Bg4  1-0

[Event "31st San Sebastian Open"]
[Site "Donostia ESP"]
[Date "2008.03.18"]
[Round "3"]
[White "Hallerod,R"]
[Black "Alsina Leal,D"]
[Result "0-1"]
[WhiteElo "2131"]
[BlackElo "2455"]

1.Nf3 d5 2.g3 Bg4 3.Bg2 Nd7 4.b4 e5 5.Bb2 Bd6 6.O-O Ngf6 7.b5 Qe7 8.d3 O-O
9.h3 Bf5 10.Nbd2 Rad8 11.c4 c6 12.cxd5 cxd5 13.Rc1 h6 14.Nb3 Nb6 15.Nbd2 Rfe8
16.Qb3 Bh7 17.Ne1 Nfd7 18.e4 Nc5 19.Qc2 Qd7 20.exd5 Qxb5 21.Ne4 Nxe4 22.dxe4 Nxd5
23.Qb1 Nb6 24.Qa1 Na4 25.Bc3 Rc8 26.Bd2 Bc5 27.Nc2 Qd3 28.Rfd1 Bxf2+ 29.Kxf2 Rxc2
30.Rxc2 Qxc2 31.Qb1 Qxb1 32.Rxb1 Nc5 33.Rb5 Nxe4+ 34.Bxe4 Bxe4 35.Be3 a6
36.Rb4 Bc6 37.a4 f5 38.a5 g5 39.h4 f4 40.Bc1 Kf7 41.Rc4 Rd8 42.Rc5 Rd5 43.Rxd5 Bxd5
44.hxg5 hxg5  0-1

[Event "ch-SRB"]
[Site "Mataruska Banja SRB"]
[Date "2008.03.18"]
[Round "4"]
[White "Bogosavljevic,B"]
[Black "Sedlak,N"]
[Result "1/2-1/2"]
[WhiteElo "2492"]
[BlackElo "2568"]

1.Nf3 d5 2.g3 Nc6 3.d4 Bg4 4.Bg2 e6 5.O-O Nf6 6.c4 Bd6 7.Nc3 O-O 8.cxd5 Nxd5
9.Ne4 Be7 10.h3 Bh5 11.Ne5 Nxe5 12.dxe5 c6 13.b3 Qb6 14.Bb2 Rfd8 15.Nd6 Bxd6
16.exd6 Qc5 17.g4 Bg6 18.e4 Nf4 19.e5 f6 20.Rc1 Qb5 21.Rc4 Nxg2 22.Kxg2 fxe5
23.Re1 Qd5+ 24.Qf3 Qxf3+ 25.Kxf3 e4+ 26.Ke2 Rxd6 27.Rd4 Rd5 28.f3 Rad8 29.Red1 c5
30.Rxd5 exf3+ 31.Kxf3 exd5 32.b4 cxb4 33.Bd4 a5 34.Rc1 Rf8+ 35.Kg3 Be4 36.Rc7 Rf3+
37.Kh4 Kf8 38.Rxb7 Ra3 39.Bc5+ Ke8 40.Re7+ Kd8 41.Ra7 Rxa2 42.Bb6+ Kc8 43.Rxa5 b3
44.Rxa2 bxa2 45.Bd4 Kc7 46.g5 Kc6 47.Kg3 h5 48.gxh6  1/2-1/2

[Event "ch-Siberia"]
[Site "Novokuznetsk RUS"]
[Date "2008.03.18"]
[Round "6"]
[White "Kiyanovsky,V"]
[Black "Domarowsky,V"]
[Result "1/2-1/2"]
[WhiteElo "2052"]
[BlackElo "2112"]

1.Nf3 d5 2.g3 c6 3.Bg2 Bg4 4.O-O Nf6 5.h3 Bh5 6.d3 e6 7.Nbd2 Bd6 8.e4 Nbd7
9.Re1 Qc7 10.Qe2 dxe4 11.dxe4 e5 12.Nc4 Bxf3 13.Nxd6+ Qxd6 14.Qxf3 O-O 15.Be3 Qb4
16.b3 a5 17.g4 h6 18.h4 a4 19.g5 hxg5 20.hxg5 Nh7 21.Qf5 Qe7 22.Red1 Rfd8
23.Bh3 Ndf8 24.Qg4 Ng6 25.Qh5 axb3 26.cxb3 Nf4 27.Bxf4 g6 28.Qg4 exf4 29.Qxf4 Qxg5+
30.Qxg5 Nxg5 31.Rxd8+ Rxd8 32.Bg2 Rd2 33.a3 Ne6 34.b4 Nd4 35.Bf1 Kf8 36.a4 Rb2
37.b5 cxb5 38.Rd1 Rb4 39.axb5 Nxb5 40.Bxb5 Rxb5 41.Kg2 Ke7 42.Kg3 Rb2 43.Rd5 b5
44.f3 b4 45.Kf4 b3 46.Rb5 Rb1 47.Rb7+ Kf6 48.Rb6+ Kg7 49.e5 b2 50.Rb7 Kf8
51.Rb8+ Ke7 52.Rb7+ Ke6 53.Rb6+ Kd5 54.Rb8 g5+ 55.Kf5 g4 56.Rd8+ Kc6 57.Rd2 Kc5
58.Kf6 Rf1 59.Rxb2 Rxf3+ 60.Kg5 g3 61.Rg2 Kd5 62.Kg4 Ra3 63.Re2 Ke6 64.Kf4 Ke7
65.Rg2 Kf8 66.Rxg3 Rxg3 67.Kxg3 Ke7 68.Kf4  1/2-1/2

[Event "31st San Sebastian Open"]
[Site "Donostia ESP"]
[Date "2008.03.19"]
[Round "4"]
[White "Spraggett,K"]
[Black "Gonzalez de la Torre,S"]
[Result "1-0"]
[WhiteElo "2588"]
[BlackElo "2389"]

1.Nf3 d5 2.g3 Nf6 3.Bg2 c6 4.O-O Bf5 5.b3 e6 6.Bb2 h6 7.c4 Nbd7 8.d3 Bc5
9.Na3 O-O 10.Nc2 Re8 11.Rc1 a5 12.Qd2 Bh7 13.Bh3 dxc4 14.bxc4 e5 15.e4 Qc7
16.Kh1 Rad8 17.Qe2 Bf8 18.Rfd1 Nc5 19.Ne3 Nfd7 20.Kg1 Ne6 21.Rb1 Bc5 22.Nf5 Bxf5
23.Bxf5 Qd6 24.h4 b6 25.h5 Rb8 26.Kg2 b5 27.cxb5 cxb5 28.Rbc1 b4 29.Qc2 Nd4
30.Bxd4 Bxd4 31.Qc7 Qxc7 32.Rxc7 Nf6 33.Nxd4 exd4 34.Rc4 Red8 35.g4 Rb5 36.Rdc1 g6
37.hxg6 fxg6 38.Be6+ Kh8 39.Rc8 Rb8 40.Rxb8 Rxb8 41.e5 Ne8 42.Bb3 Ra8 43.Kf3 a4
44.Bd5 Rb8 45.Ke4 b3 46.axb3 axb3 47.Bxb3  1-0

[Event "10th Foxwoods Open"]
[Site "Ledyard USA"]
[Date "2008.03.19"]
[Round "1"]
[White "Filipovich,D"]
[Black "Lenderman,A"]
[Result "0-1"]
[WhiteElo "2208"]
[BlackElo "2427"]

1.Nf3 d5 2.g3 Nf6 3.Bg2 Bf5 4.c4 c6 5.cxd5 cxd5 6.Qb3 Qb6 7.Qxb6 axb6 8.Nc3 Nc6
9.d3 e6 10.Nb5 Kd7 11.Nfd4 Bg6 12.f4 Bc5 13.Nb3 Nb4 14.Nxc5+ bxc5 15.Na3 c4
16.Bd2 Rxa3 17.Bxb4 Ra4 18.Bc3 cxd3 19.exd3 Bxd3 20.Bf1 Bxf1 21.Rxf1 Ng4
22.Bxg7 Rg8 23.Bc3 Re4+ 24.Kd2 Nxh2 25.Rf2 Ng4 26.Re2 Ra4 27.Kd3 Nh6 28.Rg2 Nf5
29.Rag1 Rxa2 30.g4 Nh4 31.Rg3 Ra4 32.Bf6 Ng6 33.f5 exf5 34.gxf5 Nf4+ 35.Kc3  0-1

[Event "ch-Siberia"]
[Site "Novokuznetsk RUS"]
[Date "2008.03.19"]
[Round "7"]
[White "Agafonov,A"]
[Black "Medvedev,E"]
[Result "1-0"]
[WhiteElo "2160"]
[BlackElo "2013"]

1.Nf3 d5 2.g3 Bg4 3.Ne5 Bf5 4.d4 Nd7 5.Bg2 c6 6.O-O e6 7.c4 Ngf6 8.Nc3 Be7
9.Qb3 Qb6 10.Nxd7 Nxd7 11.e4 dxe4 12.Nxe4 Bxe4 13.Bxe4 Qxd4 14.Qxb7 O-O 15.Bxc6 Ne5
16.Be3 Qg4 17.h3 Qh5 18.Bg2 Ng6 19.Qb5 Qxb5 20.cxb5 Rab8 21.Bc6 Ne5 22.Rab1 Nxc6
23.bxc6 Rfc8 24.Rfc1 a5 25.b3 h6 26.Rc4 Rb4 27.Rbc1 Kf8 28.Bd2 Rb5 29.Ra4 Bc5
30.Rxa5 Rxa5 31.Bxa5 Rxc6 32.Rxc5 Rd6 33.Rc8+ Ke7 34.Bb4 Kd7 35.Bxd6  1-0

[Event "57th ch-BUL w"]
[Site "Plovdiv BUL"]
[Date "2008.03.19"]
[Round "6"]
[White "Savova,S"]
[Black "Voiska,M"]
[Result "1/2-1/2"]
[WhiteElo "2165"]
[BlackElo "2333"]

1.Nf3 d5 2.g3 Nc6 3.d4 Bf5 4.c3 Qd7 5.h3 h6 6.Bg2 Nf6 7.Bf4 g5 8.Be5 Bg7
9.Nbd2 Nxe5 10.Nxe5 Qc8 11.Qb3 e6 12.Qa3 Nd7 13.Qa4 c6 14.Nxd7 Qxd7 15.e4 dxe4
16.Nxe4 O-O 17.O-O-O Qc7 18.Rhe1 a5 19.Qc4 b5 20.Qc5 Rfd8 21.Nd2 Rac8 22.g4 Bg6
23.a4 b4 24.Be4 bxc3 25.bxc3 Bxe4 26.Nxe4 Qf4+ 27.Kc2 Rd5 28.Qe7 c5 29.Qb7 Rc7
30.Qb8+ Kh7 31.dxc5 Rxd1 32.Kxd1 Rd7+ 33.Nd6 Qxa4+ 34.Ke2 Bxc3 35.Qb1+ Kg7
36.Rd1 Qc6 37.Qb6 Qa4  1/2-1/2